000 00389nam a2200133Ia 4500
008 191201s2011 xx 000 0 und d
100 _aChandra, Prasanna
245 0 _aProjects : planning , analysis , selsction , financing , imlementation and review
250 _a3rd rep.
260 _c2011
_bTata MC Grawhill pubg. co. Ltd
_aDehli
300 _aMisc.
650 _aMBA
942 _2ddc
_cBB
999 _c7439
_d7439